[Event "Ct. Catalunya Veterans"]
[Site "Santa Susanna"]
[Date "2013.05.08"]
[Round "5"]
[White "Nicolau Serrato, M."]
[Black "Coll Sola, J."]
[Result "0-1"]
[WhiteElo "1941"]
[BlackElo "2062"]
[PlyCount "80"]
[EventDate "2013.??.??"]
[EventType "swiss"]
[EventRounds "9"]

1. e4 c5 2. Nf3 e6 3. d4 cxd4 4. Nxd4 Nc6 5. Nc3 Qc7 6. Be2 a6 7. Be3 Nf6 8.
O-O Bb4 9. Bd3 O-O 10. a3 Bd6 11. h3 Be5 12. Nce2 d5 13. exd5 Nxd5 14. Qd2 Bd7
15. c3 Nxe3 16. Qxe3 Rad8 17. Rad1 g6 18. Nf3 Bg7 19. Rfe1 Ne7 20. Qg5 Nd5 21.
Nfd4 e5 22. Nf3 Ba4 23. Rd2 Bc6 24. Bc2 Nb6 25. Rxd8 Rxd8 26. Qg3 Nc4 27. Ng5
h6 28. Nf3 Nxb2 29. Bb3 Bd5 30. Bc2 Nc4 31. a4 Qc6 32. Nh4 Be4 33. Bb3 b5 34.
axb5 axb5 35. Nc1 Kh7 36. f4 Bb1 37. Ne2 Bd3 38. Rd1 Bxe2 39. Rxd8 Qb6+ 40. Kh1
Qxd8 0-1

[Event "Ct. Catalunya Veterans"]
[Site "Santa Susanna"]
[Date "2013.05.08"]
[Round "5"]
[White "Simon Padros, E."]
[Black "Monedero Gonzalez, J."]
[Result "1/2-1/2"]
[WhiteElo "2221"]
[BlackElo "2070"]
[PlyCount "69"]
[EventDate "2013.??.??"]
[EventType "swiss"]
[EventRounds "9"]

1. e4 e6 2. d4 d5 3. Bd3 dxe4 4. Bxe4 Nf6 5. Bf3 c5 6. Ne2 Nc6 7. Be3 e5 8.
Bxc6+ bxc6 9. dxe5 Qxd1+ 10. Kxd1 Ng4 11. Nd2 Ba6 12. Nf3 Be7 13. Ke1 Nxe3 14.
fxe3 f6 15. Rd1 O-O 16. Nf4 Bc8 17. c3 g5 18. exf6 Bxf6 19. Nh5 Be7 20. h3 Be6
21. b3 a5 22. c4 a4 23. Rf1 axb3 24. axb3 Ra3 25. Ne5 Rxb3 26. Nxc6 Rxf1+ 27.
Kxf1 Kf8 28. Kf2 Rb2+ 29. Kf3 Bxc4 30. Ng3 Be6 31. Nxe7 Kxe7 32. Ne4 Bc4 33.
Rd2 Rxd2 34. Nxd2 Bd5+ 35. e4 1/2-1/2

[Event "Ct. Catalunya Veterans"]
[Site "Santa Susanna"]
[Date "2013.05.09"]
[Round "6"]
[White "Altafulla Sanz, A."]
[Black "Marchador Villalba, J."]
[Result "1/2-1/2"]
[WhiteElo "1960"]
[BlackElo "2065"]
[PlyCount "131"]
[EventDate "2013.??.??"]
[EventType "swiss"]
[EventRounds "9"]

1. d4 Nf6 2. e3 b6 3. f4 Bb7 4. Nf3 e6 5. Bd3 Be7 6. O-O O-O 7. Qe2 d5 8. Bd2
Ne4 9. Be1 Nd7 10. Ne5 f6 11. Nxd7 Qxd7 12. Nd2 Nxd2 13. Bxd2 Bd6 14. Qg4 Rae8
15. Rf3 f5 16. Qh5 Rf6 17. Rf2 Rh6 18. Qf3 Kh8 19. Qe2 Rg8 20. c3 Qe7 21. Bc2
Bc6 22. Bd1 Be8 23. g3 Bh5 24. Qf1 Qf7 25. Bxh5 Qxh5 26. Qe2 Qg6 27. Rg2 Rh3
28. Rf1 h5 29. Kh1 a5 30. Rgg1 Be7 31. Kg2 Qg4 32. Qf3 g5 33. Qxg4 hxg4 34. Rf2
Kg7 35. Kf1 Kf7 36. Ke2 c5 37. Rgg2 b5 38. Kd3 b4 39. Ke2 c4 40. Kd1 Rb8 41.
Be1 a4 42. Re2 Rb6 43. Kc1 Rh8 44. cxb4 Bxb4 45. Bxb4 Rxb4 46. Rc2 Rhb8 47. Rc3
Ke7 48. Rgc2 Rh8 49. Rf2 Kd6 50. Rg2 Kc6 51. Re2 Rb7 52. Rf2 Rbh7 53. Rcc2 Kb5
54. Kb1 a3 55. bxa3 Ka4 56. Rb2 Kxa3 57. Rfc2 gxf4 58. exf4 Rh3 59. Rc3+ Ka4
60. Rcc2 c3 61. Rxc3 Rxh2 62. Rb7 Rh1+ 63. Kc2 R8h2+ 64. Kd3 Rd1+ 65. Ke3 Rxa2
66. Rcb3 1/2-1/2

[Event "Ct. Catalunya Veterans"]
[Site "Santa Susanna"]
[Date "2013.05.09"]
[Round "6"]
[White "Bonell Mitjans, A."]
[Black "Sanz Bastos, F."]
[Result "1/2-1/2"]
[WhiteElo "2096"]
[BlackElo "1965"]
[PlyCount "96"]
[EventDate "2013.??.??"]
[EventType "swiss"]
[EventRounds "9"]

1. e4 e5 2. Nf3 Nf6 3. Nc3 Bb4 4. Qe2 d6 5. a3 Bc5 6. Na4 Nbd7 7. b4 Bb6 8. c4
O-O 9. d3 Bd4 10. Nxd4 exd4 11. g3 Ne5 12. Bg2 Bd7 13. Nb2 c5 14. O-O h6 15. f4
Bg4 16. Qf2 Nc6 17. b5 Na5 18. f5 Nb3 19. Rb1 Nxc1 20. Rbxc1 a6 21. a4 Qe7 22.
h3 Bh5 23. g4 Bxg4 24. hxg4 Nxg4 25. Qf4 h5 26. Bf3 g5 27. fxg6 fxg6 28. Qg3
Ne3 29. Qxg6+ Qg7 30. Qxg7+ Kxg7 31. Rf2 axb5 32. cxb5 Kh6 33. Bg2 Rg8 34. e5
dxe5 35. Rxc5 Rg5 36. Nc4 Ng4 37. Ra2 h4 38. Kh1 Rag8 39. Nd6 Rf8 40. Rc7 Rg6
41. Nf7+ Kh5 42. Bf3 Rf6 43. Bxg4+ Kxg4 44. Rg2+ Kf5 45. Rf2+ Ke6 46. Rxf6+
Kxf6 47. a5 e4 48. dxe4 Rxf7 1/2-1/2

[Event "Ct. Catalunya Veterans"]
[Site "Santa Susanna"]
[Date "2013.05.09"]
[Round "6"]
[White "Coll Enriquez, L."]
[Black "Tejero Royo, F."]
[Result "1-0"]
[WhiteElo "2170"]
[BlackElo "2088"]
[PlyCount "59"]
[EventDate "2013.??.??"]
[EventType "swiss"]
[EventRounds "9"]

1. e4 e5 2. Nf3 Nc6 3. Bb5 a6 4. Ba4 d6 5. O-O Bd7 6. Re1 g6 7. c3 Bg7 8. d4
Nf6 9. h3 Nh5 10. Bg5 f6 11. Be3 Nf4 12. Bxf4 exf4 13. Bb3 Qe7 14. Bd5 g5 15.
Nh2 h5 16. Nd2 Nd8 17. Nc4 Kf8 18. e5 dxe5 19. dxe5 Bc6 20. exf6 Qxf6 21. Ne5
Be8 22. Qd3 Nc6 23. Nxc6 bxc6 24. Re6 cxd5 25. Rxf6+ Bxf6 26. Re1 Kg7 27. Nf3
Bg6 28. Qxd5 Rad8 29. Qc5 Rd7 30. Nxg5 1-0

[Event "Ct. Catalunya Veterans"]
[Site "Santa Susanna"]
[Date "2013.05.09"]
[Round "6"]
[White "Coll Sola, J."]
[Black "Franquet Escriva, J."]
[Result "1/2-1/2"]
[WhiteElo "2062"]
[BlackElo "2094"]
[PlyCount "24"]
[EventDate "2013.??.??"]
[EventType "swiss"]
[EventRounds "9"]

1. e4 c5 2. Nf3 e6 3. d4 cxd4 4. Nxd4 a6 5. g3 Qc7 6. Bg2 Nc6 7. Nc3 b5 8. O-O
Bb7 9. a3 Nf6 10. Bf4 e5 11. Nxc6 dxc6 12. Bg5 Be7 1/2-1/2

[Event "Ct. Catalunya Veterans"]
[Site "Santa Susanna"]
[Date "2013.05.09"]
[Round "6"]
[White "Fernandez Perez, J."]
[Black "Lluverol Torrents, S."]
[Result "1-0"]
[WhiteElo "2072"]
[BlackElo "2070"]
[PlyCount "81"]
[EventDate "2013.??.??"]
[EventType "swiss"]
[EventRounds "9"]

1. e4 c5 2. Nf3 g6 3. d4 cxd4 4. Nxd4 Nc6 5. c4 Nf6 6. Nc3 Nxd4 7. Qxd4 d6 8.
Be2 Bg7 9. O-O O-O 10. Bg5 Qa5 11. Qd2 Be6 12. Rac1 Rfc8 13. Nd5 Qxd2 14. Nxf6+
Bxf6 15. Bxd2 Bxb2 16. Rb1 Bf6 17. Rxb7 Kg7 18. Rc1 Rc6 19. Be3 a5 20. a4 Rac8
21. c5 dxc5 22. Bc4 Kg8 23. Bb5 c4 24. Bxc6 Rxc6 25. Bh6 Rc8 26. Rb5 Rd8 27.
Rcb1 c3 28. Rb8 Bc8 29. g3 Be5 30. Ra8 f6 31. Be3 Kf7 32. Rc1 Re8 33. f4 Bd6
34. Rxc3 Bb7 35. Rxe8 Kxe8 36. Rc4 Kf7 37. Bb6 Bb4 38. Kf2 h5 39. Ke3 Ba6 40.
Rc7 Bf1 41. Bc5 1-0

[Event "Ct. Catalunya Veterans"]
[Site "Santa Susanna"]
[Date "2013.05.09"]
[Round "6"]
[White "Garcia Riera, J."]
[Black "Bautista Sanchez, J."]
[Result "0-1"]
[WhiteElo "2054"]
[BlackElo "2188"]
[PlyCount "52"]
[EventDate "2013.??.??"]
[EventType "swiss"]
[EventRounds "9"]

1. d4 d5 2. c4 e6 3. Nf3 Nf6 4. Nc3 Be7 5. e3 O-O 6. Bd3 b6 7. cxd5 exd5 8. O-O
c5 9. Ne5 Bb7 10. b3 Nc6 11. Nxc6 Bxc6 12. Qc2 Rc8 13. Bb2 Bd6 14. Bf5 Bd7 15.
h3 cxd4 16. exd4 Bb4 17. Bxd7 Qxd7 18. Qd3 Rfe8 19. Rac1 Qe6 20. Rfd1 h6 21.
Kf1 Qd6 22. Nb5 Qh2 23. f3 a6 24. Nc3 Bd6 25. Ne2 Rcd8 26. Rc6 Rxe2 0-1

[Event "Ct. Catalunya Veterans"]
[Site "Santa Susanna"]
[Date "2013.05.09"]
[Round "6"]
[White "Grau Brumos, I."]
[Black "Buxade Roca, G."]
[Result "0-1"]
[WhiteElo "2123"]
[BlackElo "2084"]
[PlyCount "72"]
[EventDate "2013.??.??"]
[EventType "swiss"]
[EventRounds "9"]

1. e4 c5 2. Nf3 Nc6 3. d4 cxd4 4. Nxd4 e5 5. Nb3 Nf6 6. Nc3 Bb4 7. Bd3 d5 8.
exd5 Qxd5 9. O-O Bxc3 10. bxc3 O-O 11. f3 Qd8 12. Qe1 Nh5 13. g4 Nf4 14. Bxf4
exf4 15. Qe4 f5 16. Qxf4 Qh4 17. Qd6 Rd8 18. Bc4+ Kh8 19. Rae1 fxg4 20. Nd4
gxf3 21. Nxf3 Qg4+ 22. Kh1 Bf5 23. Qc5 Be4 24. Re3 b6 25. Rxe4 Qxe4 26. Qb5 a6
27. Qb3 Ne5 28. Bd3 Nxd3 29. cxd3 Qxd3 30. Kg2 Qg6+ 31. Kh1 Rf8 32. Qd5 Rad8
33. Qb7 Rf7 34. Qxa6 Rdf8 35. Qe2 Qg4 36. Qg2 Qe4 0-1

[Event "Ct. Catalunya Veterans"]
[Site "Santa Susanna"]
[Date "2013.05.09"]
[Round "6"]
[White "Mas Recorda, P."]
[Black "Simon Padros, E."]
[Result "0-1"]
[WhiteElo "2046"]
[BlackElo "2221"]
[PlyCount "64"]
[EventDate "2013.??.??"]
[EventType "swiss"]
[EventRounds "9"]

1. d4 Nf6 2. c4 g6 3. Nc3 Bg7 4. e4 d6 5. Nf3 O-O 6. Be2 Nbd7 7. h3 e5 8. dxe5
dxe5 9. Be3 c6 10. Qc2 Qe7 11. O-O Nh5 12. Qd2 Nc5 13. Rad1 Ne6 14. Kh2 Nhf4
15. Qd3 Qf6 16. Ng1 Nh5 17. Qd2 Nhf4 18. Qd6 Rd8 19. Qb4 Nd4 20. g3 Bf8 21. Qa4
Nfe6 22. Rd2 Nc5 23. Qd1 Be6 24. f4 Nxe2 25. Qxe2 Rxd2 26. Bxd2 exf4 27. gxf4
Rd8 28. b3 Bh6 29. Rf3 Qh4 30. b4 Bxc4 31. Qxc4 Rxd2+ 32. Nce2 Ne6 0-1

[Event "Ct. Catalunya Veterans"]
[Site "Santa Susanna"]
[Date "2013.05.09"]
[Round "6"]
[White "Monedero Gonzalez, J."]
[Black "Navarro Alvarez, A."]
[Result "1-0"]
[WhiteElo "2070"]
[BlackElo "1973"]
[PlyCount "87"]
[EventDate "2013.??.??"]
[EventType "swiss"]
[EventRounds "9"]

1. d4 g6 2. Nf3 Bg7 3. Nc3 d6 4. e4 c6 5. Bf4 Nd7 6. Bc4 b5 7. Bb3 Bb7 8. Qd2
a5 9. a3 Nb6 10. O-O b4 11. axb4 axb4 12. Na2 c5 13. dxc5 dxc5 14. Qxd8+ Rxd8
15. Bc7 c4 16. Bxd8 Kxd8 17. Nxb4 cxb3 18. cxb3 Bxe4 19. Ng5 Bxb2 20. Rad1+ Ke8
21. Nxe4 f5 22. Ng5 h6 23. Nf3 Nf6 24. Nd3 Bc3 25. Nde5 g5 26. Nc4 Nbd5 27. Nd4
f4 28. Rd3 Kd7 29. Nb5 Bb4 30. Nb6+ Ke6 31. Nxd5 Nxd5 32. Rfd1 Nf6 33. Nc7+ Kf5
34. Nd5 Nxd5 35. Rxd5+ e5 36. Rd8 Rh7 37. R1d7 Be7 38. Ra8 e4 39. Raa7 Ke6 40.
b4 e3 41. Kf1 g4 42. b5 exf2 43. g3 fxg3 44. hxg3 1-0

[Event "Ct. Catalunya Veterans"]
[Site "Santa Susanna"]
[Date "2013.05.09"]
[Round "6"]
[White "Tarrus Galter, N."]
[Black "Anguera Maestro, J."]
[Result "0-1"]
[WhiteElo "1975"]
[BlackElo "2185"]
[PlyCount "70"]
[EventDate "2013.??.??"]
[EventType "swiss"]
[EventRounds "9"]

1. d4 d5 2. c4 c6 3. Nc3 Nf6 4. Nf3 e6 5. e3 Nbd7 6. Bd3 dxc4 7. Bxc4 b5 8. Bd3
a6 9. O-O c5 10. Re1 Be7 11. e4 cxd4 12. Nxd4 Nc5 13. Bc2 Bb7 14. b4 Ncd7 15.
a3 Rc8 16. Bb2 Ne5 17. Ra2 O-O 18. Ba1 Qb6 19. Qb1 Rfd8 20. Nd1 Rxd4 21. Bxd4
Qxd4 22. h3 Nc4 23. e5 Nxe5 24. Ne3 Nc4 25. Rd1 Qb6 26. Ng4 g6 27. Nh2 Qc6 28.
Nf3 Ne5 29. Ne1 Nd5 30. Be4 Qb6 31. Bxd5 Bxd5 32. Re2 Bf6 33. Kh1 Kg7 34. f4
Nc4 35. Qd3 Nb2 0-1

[Event "Ct. Catalunya Veterans"]
[Site "Santa Susanna"]
[Date "2013.05.10"]
[Round "7"]
[White "Anguera Maestro, J."]
[Black "Santolaria Peña, M."]
[Result "1-0"]
[WhiteElo "2185"]
[BlackElo "1903"]
[PlyCount "69"]
[EventDate "2013.??.??"]
[EventType "swiss"]
[EventRounds "9"]

1. d4 Nf6 2. c4 e5 3. d5 Bc5 4. Nc3 a6 5. a3 O-O 6. e4 d6 7. h3 h6 8. Bd3 Nh7
9. Nf3 f5 10. exf5 Bxf5 11. Bxf5 Rxf5 12. Qc2 Qf8 13. Ne4 Nd7 14. O-O Rxf3 15.
gxf3 Qxf3 16. Kh2 Rf8 17. Rg1 Ndf6 18. Nxc5 dxc5 19. Bxh6 Nh5 20. Rg2 Rf6 21.
Be3 Nf4 22. Bxf4 Qxf4+ 23. Kh1 Rh6 24. Rg3 Nf6 25. Qe2 Ne4 26. Rf3 Qh4 27. Rg1
Kh8 28. Rg4 Nxf2+ 29. Rxf2 Qh5 30. Rf8+ Kh7 31. Qe4+ g6 32. Rf3 Kg7 33. Kg2 Rh8
34. Re3 Re8 35. Reg3 1-0

[Event "Ct. Catalunya Veterans"]
[Site "Santa Susanna"]
[Date "2013.05.10"]
[Round "7"]
[White "Bautista Sanchez, J."]
[Black "Fernandez Perez, J."]
[Result "1-0"]
[WhiteElo "2188"]
[BlackElo "2072"]
[PlyCount "141"]
[EventDate "2013.??.??"]
[EventType "swiss"]
[EventRounds "9"]

1. Nf3 Nf6 2. c4 b6 3. g3 Bb7 4. Bg2 c5 5. O-O Nc6 6. Nc3 Nd4 7. Nd5 Nxf3+ 8.
Bxf3 Nxd5 9. cxd5 g6 10. d4 d6 11. Be3 Bg7 12. Qd2 Qd7 13. Rfd1 c4 14. Qb4 b5
15. a4 a6 16. b3 a5 17. Qxb5 Qxb5 18. axb5 cxb3 19. Ra4 Kd7 20. Rb1 Kc7 21.
Rxb3 Kb6 22. Bd2 Ra7 23. e4 Rha8 24. Be2 Bc8 25. f4 Bd7 26. g4 Rc8 27. Kf1 h6
28. Ke1 Rh8 29. h3 Bf6 30. Rba3 Rha8 31. Kf2 Bg7 32. Kf3 Bf8 33. e5 e6 34. dxe6
Bxe6 35. Rc3 Bd5+ 36. Kg3 Be7 37. Be3 Rc7 38. Rxc7 Kxc7 39. Bc4 Bxc4 40. Rxc4+
Kb6 41. exd6 Bd8 42. d7 a4 43. d5+ Kb7 44. Bd4 f6 45. d6 a3 46. Kf3 a2 47. Rc1
Ra4 48. Ke3 Ra5 49. b6 a1=Q 50. Rxa1 Rxa1 51. Bxa1 Kxb6 52. Bb2 Kc6 53. Ba3 f5
54. gxf5 gxf5 55. Kd4 Bf6+ 56. Kc4 Kxd7 57. Kd5 Bc3 58. Bc5 Bg7 59. Bf2 Bf6 60.
Be1 Bb2 61. Bf2 Bg7 62. Bh4 Bb2 63. Be7 Bc3 64. Bf8 h5 65. Be7 Bb2 66. Bh4 Bg7
67. Bf2 Bf6 68. Bd4 Bh4 69. Ke5 Bg3 70. Bc5 Kc6 71. Ba3 1-0

[Event "Ct. Catalunya Veterans"]
[Site "Santa Susanna"]
[Date "2013.05.10"]
[Round "7"]
[White "Bollero Romera, A."]
[Black "Grau Brumos, I."]
[Result "1-0"]
[WhiteElo "2014"]
[BlackElo "2123"]
[PlyCount "87"]
[EventDate "2013.??.??"]
[EventType "swiss"]
[EventRounds "9"]

1. d4 Nf6 2. c4 e6 3. Nc3 d5 4. Nf3 c6 5. Bg5 Nbd7 6. e3 Qa5 7. Bxf6 Nxf6 8.
Nd2 a6 9. Be2 Bd6 10. O-O O-O 11. c5 Be7 12. a3 b5 13. cxb6 Qxb6 14. Na4 Qa7
15. Qc2 Bb7 16. Nb3 Nd7 17. Rfc1 e5 18. Nac5 Nxc5 19. Nxc5 exd4 20. exd4 Bc8
21. h3 Bf6 22. Rd1 Re8 23. Bf3 g6 24. Qc3 Rb8 25. Re1 Bd7 26. Bg4 Bxg4 27. hxg4
Red8 28. b4 a5 29. Red1 Rb5 30. bxa5 Rxa5 31. Nb7 Qxb7 32. Qxa5 Ra8 33. Qc3 Qd7
34. a4 c5 35. Qxc5 Rxa4 36. Rxa4 Qxa4 37. Rb1 Bxd4 38. Rb8+ Kg7 39. Qf8+ Kf6
40. Qd6+ Kg7 41. g3 Qa1+ 42. Kg2 Qe1 43. Qf8+ Kf6 44. Qh8+ 1-0

[Event "Ct. Catalunya Veterans"]
[Site "Santa Susanna"]
[Date "2013.05.10"]
[Round "7"]
[White "Buxade Roca, G."]
[Black "Monedero Gonzalez, J."]
[Result "1-0"]
[WhiteElo "2084"]
[BlackElo "2070"]
[PlyCount "70"]
[EventDate "2013.??.??"]
[EventType "swiss"]
[EventRounds "9"]

1. b3 d5 2. Bb2 c6 3. g3 Bg4 4. Bg2 Nd7 5. d4 Ngf6 6. Nd2 e6 7. Ngf3 Bb4 8. O-O
Ba5 9. a3 Qe7 10. c4 O-O 11. Re1 Ne4 12. b4 Bc7 13. Nxe4 dxe4 14. Nd2 f5 15. f3
Bh5 16. fxe4 f4 17. e5 fxg3 18. hxg3 Rae8 19. Qc2 Qg5 20. Nf1 Rf7 21. Bc1 Qg4
22. Qe4 Qxe4 23. Bxe4 Nb6 24. e3 Nxc4 25. Ra2 Ref8 26. Rh2 g6 27. Nd2 Nxd2 28.
Bxd2 Bd8 29. Bc2 Rf3 30. Rg2 R8f7 31. g4 Bh4 32. Rd1 Bf2+ 33. Kh1 Bxg4 34. Rxg4
Bxe3 35. Bxe3 Rxe3 1-0

[Event "Ct. Catalunya Veterans"]
[Site "Santa Susanna"]
[Date "2013.05.10"]
[Round "7"]
[White "Franquet Escriva, J."]
[Black "Bonell Mitjans, A."]
[Result "1/2-1/2"]
[WhiteElo "2094"]
[BlackElo "2096"]
[PlyCount "26"]
[EventDate "2013.??.??"]
[EventType "swiss"]
[EventRounds "9"]

1. e4 e6 2. d4 d5 3. Bd3 dxe4 4. Bxe4 Nf6 5. Bf3 Nbd7 6. Ne2 Be7 7. O-O O-O 8.
Ng3 e5 9. Re1 exd4 10. Qxd4 Nc5 11. Qxd8 Bxd8 12. Nc3 Ne6 13. Be3 c6 1/2-1/2

[Event "Ct. Catalunya Veterans"]
[Site "Santa Susanna"]
[Date "2013.05.10"]
[Round "7"]
[White "Lluverol Torrents, S."]
[Black "Altafulla Sanz, A."]
[Result "1-0"]
[WhiteElo "2070"]
[BlackElo "1960"]
[PlyCount "53"]
[EventDate "2013.??.??"]
[EventType "swiss"]
[EventRounds "9"]

1. d4 d5 2. c4 e6 3. Nc3 f5 4. Nf3 c6 5. g3 Bd6 6. Bh3 Nf6 7. O-O O-O 8. Qc2
Ne4 9. Ne1 Nd7 10. Nxe4 fxe4 11. f3 exf3 12. Nxf3 Nf6 13. Bg5 h6 14. Bxf6 Rxf6
15. e4 Be7 16. Ne5 Rxf1+ 17. Rxf1 Bf6 18. exd5 exd5 19. cxd5 cxd5 20. Qb3 Be6
21. Qxb7 Rb8 22. Qxa7 Rxb2 23. Rc1 Qd6 24. Ng6 Rd2 25. Qa8+ Kh7 26. Nf8+ Kg8
27. Nxe6+ 1-0

[Event "Ct. Catalunya Veterans"]
[Site "Santa Susanna"]
[Date "2013.05.10"]
[Round "7"]
[White "Marchador Villalba, J."]
[Black "Borras Julian, T."]
[Result "1-0"]
[WhiteElo "2065"]
[BlackElo "2010"]
[PlyCount "105"]
[EventDate "2013.??.??"]
[EventType "swiss"]
[EventRounds "9"]

1. d4 Nf6 2. Bg5 Ne4 3. Bf4 c5 4. f3 Nf6 5. d5 d6 6. e4 g6 7. c4 Bg7 8. Nc3 O-O
9. Bd3 e6 10. Nge2 Na6 11. Rc1 exd5 12. cxd5 Nc7 13. O-O a6 14. a4 Rb8 15. Qd2
b5 16. axb5 axb5 17. Bh6 Qe7 18. Bxg7 Kxg7 19. Ng3 Nd7 20. f4 Ba6 21. Rfe1 f6
22. Bf1 b4 23. Na4 Bxf1 24. Rxf1 Nb5 25. b3 Nd4 26. Qd3 Ra8 27. Rfe1 Rfe8 28.
Re3 Qf7 29. Rce1 Re7 30. Ne2 Nxe2+ 31. R1xe2 Rae8 32. Qa6 f5 33. Qxd6 Rxe4 34.
Rxe4 Rxe4 35. Rxe4 fxe4 36. g3 g5 37. fxg5 e3 38. Qf4 Qxd5 39. Qxe3 Qd1+ 40.
Kg2 Qd5+ 41. Kh3 Qf5+ 42. g4 Qf1+ 43. Kh4 Nf8 44. Nxc5 Ng6+ 45. Kg3 Qa1 46.
Ne6+ Kg8 47. Nd4 Qc3 48. Qxc3 bxc3 49. h4 Kf7 50. h5 Ne5 51. b4 Nc4 52. b5 Nd6
53. b6 1-0

[Event "Ct. Catalunya Veterans"]
[Site "Santa Susanna"]
[Date "2013.05.10"]
[Round "7"]
[White "Navarro Alvarez, A."]
[Black "Mas Recorda, P."]
[Result "1-0"]
[WhiteElo "1973"]
[BlackElo "2046"]
[PlyCount "83"]
[EventDate "2013.??.??"]
[EventType "swiss"]
[EventRounds "9"]

1. Nf3 e6 2. c4 d5 3. cxd5 exd5 4. g3 Nf6 5. Bg2 Bd6 6. d3 O-O 7. O-O Re8 8.
Re1 c6 9. Nbd2 Bg4 10. Nf1 Nbd7 11. Ne3 Bxf3 12. Bxf3 Ne5 13. Bg2 Qd7 14. a3
Re7 15. b4 a6 16. Bb2 Nfg4 17. Nxg4 Qxg4 18. e3 Qxd1 19. Raxd1 Rae8 20. f4 Nd7
21. e4 f6 22. Bc3 dxe4 23. dxe4 Bc7 24. Rd3 Bb6+ 25. Kf1 Kf7 26. Red1 Nf8 27.
a4 Ne6 28. Rd7 Rxd7 29. Rxd7+ Re7 30. Rd2 Nf8 31. Ke2 Rd7 32. Rxd7+ Nxd7 33.
Kd3 Ke6 34. g4 Bg1 35. h4 Bf2 36. h5 g5 37. hxg6 hxg6 38. Bh3 g5 39. Bd2 Bh4
40. Be3 Kd6 41. e5+ fxe5 42. fxg5 1-0

[Event "Ct. Catalunya Veterans"]
[Site "Santa Susanna"]
[Date "2013.05.10"]
[Round "7"]
[White "Simon Padros, E."]
[Black "Coll Enriquez, L."]
[Result "1/2-1/2"]
[WhiteElo "2221"]
[BlackElo "2170"]
[PlyCount "105"]
[EventDate "2013.??.??"]
[EventType "swiss"]
[EventRounds "9"]

1. e4 e5 2. Nf3 d6 3. d4 Nd7 4. Nc3 c6 5. Be2 Be7 6. O-O Ngf6 7. a4 a5 8. Re1
O-O 9. Bf1 Qc7 10. h3 Rd8 11. Be3 Nf8 12. d5 Ng6 13. Nd2 Nd7 14. Nc4 Nc5 15.
Be2 b6 16. Kh2 Bb7 17. g3 Nf8 18. Na3 Nfd7 19. f3 Nf6 20. dxc6 Bxc6 21. Ncb5
Qb7 22. c4 Ne8 23. g4 Nc7 24. Nb1 N7e6 25. N1c3 Bg5 26. Bxg5 Nxg5 27. Nd5 Nge6
28. Ra3 Bxd5 29. Qxd5 Qe7 30. Qd2 Nf4 31. Bf1 Rac8 32. Rd1 Rc6 33. Qf2 g5 34.
Rd2 Kg7 35. Nc3 Qf6 36. Ra1 Nb3 37. Rad1 Nxd2 38. Rxd2 Rdc8 39. b3 Rc5 40. Nb5
R8c6 41. Na7 Rc7 42. Nb5 Rd7 43. Bg2 h5 44. Kg1 h4 45. Bf1 Rc6 46. Qe3 Ne6 47.
Be2 Qf4 48. Qxf4 Nxf4 49. Bf1 Kf6 50. Kf2 Ne6 51. Be2 Nc5 52. Bd1 Ke7 53. Ke3
1/2-1/2

[Event "Ct. Catalunya Veterans"]
[Site "Santa Susanna"]
[Date "2013.05.10"]
[Round "7"]
[White "Tejero Royo, F."]
[Black "Coll Sola, J."]
[Result "1-0"]
[WhiteElo "2088"]
[BlackElo "2062"]
[PlyCount "89"]
[EventDate "2013.??.??"]
[EventType "swiss"]
[EventRounds "9"]

1. Nf3 c5 2. c4 Nc6 3. g3 Nf6 4. Bg2 d5 5. cxd5 Nxd5 6. Nc3 e6 7. O-O Be7 8.
Nxd5 exd5 9. d4 O-O 10. Bf4 Be6 11. dxc5 Bxc5 12. Rc1 Be7 13. Ne5 Rc8 14. Qa4
Qa5 15. Qxa5 Nxa5 16. Rfd1 f6 17. Nd3 Nc4 18. b3 Nb6 19. Be3 Ba3 20. Rxc8 Rxc8
21. Nf4 Bf7 22. Nxd5 Rc2 23. Nxb6 axb6 24. Bxb6 g5 25. Bxb7 Rxa2 26. Bd5 Rxe2
27. Kf1 Re7 28. Bxf7+ Kxf7 29. Ra1 Rb7 30. Rxa3 Rxb6 31. Ke2 f5 32. Kd3 f4 33.
Ra7+ Kg8 34. Kc3 Rh6 35. b4 Rxh2 36. b5 fxg3 37. fxg3 Rg2 38. b6 Rxg3+ 39. Kd4
h5 40. b7 Rb3 41. Ra8+ Kg7 42. b8=Q Rxb8 43. Rxb8 Kg6 44. Ke4 h4 45. Kf3 1-0

[Event "Ct. Catalunya Veterans"]
[Site "Santa Susanna"]
[Date "2013.05.11"]
[Round "8"]
[White "Anguera Maestro, J."]
[Black "Simon Padros, E."]
[Result "0-1"]
[WhiteElo "2185"]
[BlackElo "2221"]
[PlyCount "78"]
[EventDate "2013.??.??"]
[EventType "swiss"]
[EventRounds "9"]

1. d4 e6 2. Nc3 d5 3. e4 Nf6 4. Bg5 Bb4 5. e5 h6 6. Bd2 Bxc3 7. bxc3 Ne4 8. Bd3
Nxd2 9. Qxd2 c5 10. f4 Nc6 11. Nf3 Qa5 12. c4 dxc4 13. Qxa5 Nxa5 14. Be4 cxd4
15. Nxd4 Bd7 16. Rb1 O-O 17. O-O Rab8 18. Rb4 b6 19. c3 Rbc8 20. g4 Rfd8 21.
Rd1 Kf8 22. Kf2 Ke7 23. Rb2 Bc6 24. Bxc6 Nxc6 25. Nxc6+ Rxc6 26. Rxd8 Kxd8 27.
Ke3 Kc7 28. h4 Rc5 29. Ke4 b5 30. f5 Kd7 31. Rd2+ Ke7 32. g5 hxg5 33. hxg5
exf5+ 34. Kxf5 f6 35. gxf6+ gxf6 36. Re2 Rxe5+ 37. Rxe5+ fxe5 38. Kxe5 b4 39.
Kd4 b3 0-1

[Event "Ct. Catalunya Veterans"]
[Site "Santa Susanna"]
[Date "2013.05.11"]
[Round "8"]
[White "Bonell Mitjans, A."]
[Black "Coll Sola, J."]
[Result "1/2-1/2"]
[WhiteElo "2096"]
[BlackElo "2062"]
[PlyCount "33"]
[EventDate "2013.??.??"]
[EventType "swiss"]
[EventRounds "9"]

1. e4 c5 2. Nf3 e6 3. d4 cxd4 4. Nxd4 Nc6 5. Nc3 Qc7 6. Be3 a6 7. Be2 Nf6 8.
O-O Bb4 9. f3 d5 10. exd5 exd5 11. Nxc6 bxc6 12. Bd4 O-O 13. Qd2 Qd6 14. Rad1
Bf5 15. Kh1 Bc5 16. Bxc5 Qxc5 17. Bd3 1/2-1/2

[Event "Ct. Catalunya Veterans"]
[Site "Santa Susanna"]
[Date "2013.05.11"]
[Round "8"]
[White "Coll Enriquez, L."]
[Black "Bautista Sanchez, J."]
[Result "1-0"]
[WhiteElo "2170"]
[BlackElo "2188"]
[PlyCount "102"]
[EventDate "2013.??.??"]
[EventType "swiss"]
[EventRounds "9"]

1. e4 c6 2. d4 d5 3. Bd3 dxe4 4. Bxe4 Nf6 5. Bf3 Bf5 6. Ne2 Be4 7. Nd2 Bxf3 8.
Nxf3 e6 9. O-O Bd6 10. Bf4 Qc7 11. Bxd6 Qxd6 12. Qd3 Nbd7 13. Rfe1 O-O 14. Rad1
Rfd8 15. g3 c5 16. Qa3 Qb6 17. c3 Qc6 18. Nh4 c4 19. Nf4 Nb6 20. Re5 a6 21.
Rde1 Nfd5 22. Nhg2 h6 23. Nxd5 Nxd5 24. Ne3 b5 25. Nxd5 Rxd5 26. Rxd5 Qxd5 27.
Re3 Qb7 28. Qa5 Rb8 29. a3 Qb6 30. Qxb6 Rxb6 31. Re5 g5 32. f3 Kg7 33. Kf2 Kf6
34. g4 Ke7 35. f4 f6 36. Rc5 Kd7 37. fxg5 hxg5 38. h4 gxh4 39. Rh5 Kd6 40. Ke3
a5 41. Rxh4 b4 42. axb4 axb4 43. Ke4 bxc3 44. bxc3 Rb1 45. Rh6 Re1+ 46. Kf4
Rf1+ 47. Ke3 Rc1 48. Kd2 Rf1 49. Ke2 Rf4 50. Rg6 e5 51. Ke3 Rf1 $138 1-0

[Event "Ct. Catalunya Veterans"]
[Site "Santa Susanna"]
[Date "2013.05.11"]
[Round "8"]
[White "Fernandez Perez, J."]
[Black "Sanchez Esteban, E."]
[Result "1-0"]
[WhiteElo "2072"]
[BlackElo "1915"]
[PlyCount "83"]
[EventDate "2013.??.??"]
[EventType "swiss"]
[EventRounds "9"]

1. e4 g6 2. d4 d6 3. f4 Nf6 4. Bd3 Bg7 5. Nf3 e6 6. O-O O-O 7. c3 b6 8. Qe2 Bb7
9. e5 Nfd7 10. Na3 d5 11. Bd2 a6 12. Nc2 c5 13. Nce1 Nc6 14. h3 b5 15. dxc5
Nxc5 16. Be3 Qe7 17. Qc2 Nd7 18. Bd4 f6 19. Qe2 fxe5 20. Nxe5 Ndxe5 21. Bxe5
Nxe5 22. fxe5 Qc5+ 23. Kh1 Rxf1+ 24. Qxf1 Rf8 25. Nf3 Qe3 26. Re1 Qf4 27. Qe2
Qg3 28. Rf1 Bc6 29. Kg1 Bd7 30. Qe3 h6 31. Qa7 Bc8 32. Qc5 Bd7 33. Qb6 h5 34.
Qa7 Be8 35. Qe7 Qf4 36. Ng5 Qe3+ 37. Kh1 Rxf1+ 38. Bxf1 Qf4 39. Qxe8+ Bf8 40.
Qxg6+ Bg7 41. Qxg7+ Kxg7 42. Nxe6+ 1-0